000 01407nam a22003734 4500
001 197909
003 ES-MaACL
005 20251123063313.0
008 250929s2003 sp | |||| 001 0 spa
017 _aM 29582-2003
_bOficina Depósito Legal Madrid
020 _a84-3053-917-4
040 _aES-MaACL
_bspa
_cES-MaACL
_erdc
080 _a61(510)
100 1 _aWilliams, Tom
_9242448
_eaut
240 1 4 _aThe complete illustrated guide to chinese medicine.
_lEspañol
_9242527
245 1 0 _aMedicina china :
_bla curación a través del equilibrio corporal /
_cTom Williams ; [traducción, Pilar Tutor]
264 1 _aMadrid :
_bSusaeta,
_c[2003]
300 _a248 páginas :
_bilustraciones (blanco y negro y color) ;
_c27 cm
336 _2rdacontent
_atexto
337 _2rdamedia
_asin mediación
338 _2rdacarrier
_avolumen
490 0 _aGuías de salud
500 _aTraducción de: The complete illustrated guide to chinese medicine
500 _aÍndices
650 4 _aMedicina china
_9159719
700 1 _9242528
_aTutor, Pilar
_etrl
852 _aES-MaACL
_cDEPO1
_jA-15827
_hDonación: José Lázaro García
_xEncuadernación cartoné
_9206932
942 _cMONOGRAFIA
_n0
956 _a2
999 _c197909
_d197909